000 00311nam a22001337a 4500
008 181030b xxu||||| |||| 00| 0 eng d
020 _a9780393977608
041 _aeng
080 _a821
100 _a21
101 _aGJU
245 _aThe Noton Anthology World Literature
_c.richard.W
942 _2udc
_cBK
999 _c51189
_d51189